1363 1138 1260 1285 1231 1442 1263 1994 1335 1538 1656 1917 1255 1329 1788 1533 1626 1468 1215 1066 1794 1323 1566 1690 1350 1419 1351 1002 1620 1963 1087 1560 1167 1600 1781 1828 1175 1631 1468 1641 1550 1823 1395 1508 1156 1424 1967 1959 1011 1516 1225 1366 1495 1142 1318 1780 1843 1769 1428 1254 1747 1830 1662 1847 1347 1465 1706 1974 1828 1162 1899 1014 1546 1980 1059 1558 1913 1519 1175 1247 1728 1094 1543 1634 1183 1517 1739 1823 1313 1258 1036 1179 1204 1523 1063 1902 1481 1224 1063 BCNSPRNW ULIB Ver.6.0+V

เปลี่ยนเป็นภาษาไทย

Change to English
 แสดงรายละเอียดบรรณานุกรม
  กลับหน้าหลัก

Brief Record : Get Marc (ISO 2709) : E-mail record : QR code < ปิดหน้าต่าง
LEADER : 00000nam 2200000uu 4500
001    13399113774
003     ULIB
008    111227s2550||||th 000 0 tha d
020    ^a9789748102474
090    ^aนว.^bก389ข 2550
100 0  ^aกันตะชา
245 00 ^aขอหัวใจพิสูจน์รัก/^cกันตะชา
250    ^aพิมพ์ครั้งที่ 1
260    ^aกรุงเทพฯ :^bcome on,^c2550
300    ^a192 หน้า
710 1  ^acome on
945    ^p149^l0^i14449
995    ^aกัณชพร
999    ^aใช้งานได้ทุกระบบ
รายการนี้ยังไม่มีแท็ก
คุณยังไม่ได้ล็อกอิน คุณสามารถมีกิจกรรมร่วมกับเว็บไซต์ได้ แต่ต้องล็อกอินก่อน ::
  ล็อกอิน

รายการสื่อสารสนเทศ

ลำดับที่ ประเภท เลขเรียก/บาร์โค้ด สถานที่ สถานะ
1. วิทยาศาสตร์การแพทย์ และสุขภาพ
วิทยาศาสตร์การแพทย์ และสุขภาพ
นว. ก389ข 2550  
  Barcode: 14449
ห้องสมุดวิทยาเขตสวรรค์ประชารักษ์
►นวนิยาย
บนชั้น
  ขอยืม

BibComment


ยังไม่เคยถูกคอมเมนท์

คอมเมนท์ทรัพยากรรายการนี้
  คอมเมนท์: ขอหัวใจพิสูจน์รั..


 Copyright 2026. Bcnsprnw @Library